000 01776nam a2200277Ia 4500
999 _c34841
_d34841
001 655
003 GE_BSU
005 20210302134151.0
008 181216s2002||||ge |||||||||||||| ||geo||
020 _a9992804254
040 _cGE_BSU
041 _ageo
080 _a396.9+396.2+327.56 კ-73
245 _aკონფლიქტი, გენდერი და მშვიდობის მშენებლობა /
_c ფ. ზურიკაშვილი, გ. მაღრაძე, ნ. ჭანიშვილი და სხვ.; გაეროს განვითარების ფონდი ქალთათვის, პროექტი "ქალები კონფლიქტის პრევენციისა და მშვიდობის მშენებლობისათვის სამხრეთ კავკასიაში".
264 _aთბილისი,
_c2002.
300 _a202 გვ.;
_bნახ. ცხრ.
_c29 სმ.
500 _aინგლისურ, რუსულ და ქართულ ენაზე.
653 _aკონფლიქტების თავიდან აცილება;
653 _aკონფლიქტი, გენდერი და მშვიდობის მშენებლობა
653 _aქალები მშვიდობისათვის ბრძოლაში;
653 _aშიდობის მშენებლობა
700 _aმაღრაძე, გ.
_eავტორი
_910299
700 _aზურიკაშვილი, ფ.
_eავტორი
_910300
700 _aჭანიშვილი, ნ. და სხვ.
_eავტორი
_910301
942 _cBK
_2udc